| Tag |
First Indicator |
Second Indicator |
Subfields |
| LEADER |
00000cam a2200000 4500 |
| 001 |
in00000070606 |
| 005 |
20151008061828.0 |
| 008 |
720504s1962 nyu b 00000 eng |
| 010 |
|
|
|a 62007289
|
| 035 |
|
|
|a (OCoLC)00372138
|
| 035 |
|
|
|9 AAJ8917AM
|
| 040 |
|
|
|a DLC
|c DLC
|d TXA
|d UtOrBLW
|
| 041 |
1 |
|
|a eng
|a ger
|
| 049 |
|
|
|a TXAM
|c 1 [1023174], 2 [1501412]
|
| 050 |
0 |
0 |
|a B3279.H48
|b S43 1962a
|
| 082 |
0 |
|
|a 111.1
|
| 100 |
1 |
|
|a Heidegger, Martin,
|d 1889-1976.
|
| 240 |
1 |
0 |
|a Sein und Zeit. English
|
| 245 |
1 |
0 |
|a Being and time /
|c Translated by John Macquarrie & Edward Robinson.
|
| 264 |
|
1 |
|a New York :
|b Harper,
|c [1962]
|
| 300 |
|
|
|a 589 pages ;
|c 23 cm.
|
| 336 |
|
|
|a text
|b txt
|2 rdacontent
|
| 337 |
|
|
|a unmediated
|b n
|2 rdamedia
|
| 338 |
|
|
|a volume
|b nc
|2 rdacarrier
|
| 504 |
|
|
|a Bibliographical references included in "Author's notes" (pages [489]-501).
|
| 650 |
|
0 |
|a Ontology.
|
| 650 |
|
0 |
|a Space and time.
|
| 999 |
|
|
|a MARS
|
| 999 |
f |
f |
|s 0729a5d9-bf81-3d6a-a36e-b6d5b72fe2ff
|i d5d1b300-d892-35d9-9b1b-aab5eea53029
|t 0
|
| 952 |
f |
f |
|p normal
|a Texas A&M University
|b Galveston Campus
|c Jack K. Williams Library
|s galv stk
|d Galveston Stacks
|t 0
|e B3279.H48 S43 1962a
|h Library of Congress classification
|i unmediated -- volume
|m 33620000496691
|
| 952 |
f |
f |
|p normal
|a Texas A&M University
|b College Station
|c Sterling C. Evans Library
|s Evans stk
|d Evans: Library Stacks
|t 0
|e B3279.H48 S43 1962a
|h Library of Congress classification
|i unmediated -- volume
|m A14801630871
|
| 998 |
f |
f |
|a B3279.H48 S43 1962a
|t 0
|l Galveston Stacks
|
| 998 |
f |
f |
|a B3279.H48 S43 1962a
|t 0
|l Evans: Library Stacks
|